[Event "GER-ch U12 Girls"]
[Site "Willingen"]
[Date "2024.05.21"]
[Round "4"]
[White "Schmidt, Sophie"]
[Black "Tischlinger, Lara"]
[Result "1/2-1/2"]
[WhiteElo "1257"]
[BlackElo "1585"]
[PlyCount "69"]
[EventDate "2024.05.19"]
[EventType "swiss"]
[EventRounds "9"]
[EventCountry "GER"]
[SourceTitle "CBM 220 Extra"]
[Source "ChessBase"]
[SourceDate "2024.07.31"]
[SourceVersion "1"]
[SourceVersionDate "2024.07.31"]
[SourceQuality "1"]

1. d4 d5 2. Nf3 Nf6 3. Bf4 e6 4. e3 Bd6 5. Bg3 0-0 6. c4 b6 7. Nc3 Bb7 8. Rc1 c5 9. cxd5 exd5 10. Nb5 Bxg3 11. hxg3 a6 12. Nc3 c4 13. Qc2 Nc6 14. g4 Ne7 15. Bxc4 Ng6 16. Bd3 Nxg4 17. Ne2 Rc8 18. Qd2 Qe7 19. Rxc8 Bxc8 20. Qc3 Re8 21. Bxg6 fxg6 22. 0-0 Rf8 23. Qc6 Qe6 24. Qxe6+ Bxe6 25. Rc1 Rc8 26. Rxc8+ Bxc8 27. Nc3 Nf6 28. Kf1 Kf8 29. Ke2 Ke7 30. Kd3 Bf5+ 31. Kd2 Kd6 32. Ne5 Kc7 33. Na4 Ne4+ 34. Ke2 Nf6 35. Kd2 1/2-1/2

[Event "GER-ch U12 Girls"]
[Site "Willingen"]
[Date "2024.05.19"]
[Round "1"]
[White "Tischlinger, Lara"]
[Black "Prasannavenkatesan, Ananya"]
[Result "1-0"]
[WhiteElo "1585"]
[BlackElo "1585"]
[PlyCount "155"]
[EventDate "2024.05.19"]
[EventType "swiss"]
[EventRounds "9"]
[EventCountry "GER"]
[SourceTitle "CBM 220 Extra"]
[Source "ChessBase"]
[SourceDate "2024.07.31"]
[SourceVersion "1"]
[SourceVersionDate "2024.07.31"]
[SourceQuality "1"]

1. e4 c6 2. d4 d5 3. exd5 cxd5 4. Bd3 Nf6 5. h3 Nc6 6. Nf3 h6 7. c3 a6 8. 0-0 e6 9. Bf4 Bd6 10. Bxd6 Qxd6 11. Re1 Bd7 12. Ne5 g5 13. Qf3 Ke7 14. Ng4 Nxg4 15. hxg4 Rag8 16. Qh3 h5 17. gxh5 g4 18. Qh4+ Ke8 19. Re3 Qe7 20. Qxe7+ Kxe7 21. Nd2 Rxh5 22. Nf1 Kf8 23. Ng3 Rhg5 24. a4 Na7 25. Bc2 f5 26. Ne2 f4 27. Nxf4 Kf7 28. Rae1 Rh8 29. b3 Nc6 30. b4 Nd8 31. Re5 Rgg8 32. Rh5 Rxh5 33. Nxh5 Rg5 34. Nf4 g3 35. f3 Rg7 36. Nd3 Bc8 37. Ne5+ Kg8 38. Ng4 Kf8 39. Re5 Ke7 40. Kf1 Rg8 41. Rh5 Kd6 42. Rh3 Kc7 43. Rxg3 Bd7 44. Rh3 Bc8 45. Rh7+ Kb8 46. Nf6 Rf8 47. Ng4 Re8 48. Ne5 Rf8 49. g4 Nc6 50. Nxc6+ bxc6 51. Ke2 Rg8 52. Ke3 Re8 53. f4 Rg8 54. g5 e5 55. dxe5 Be6 56. g6 Kc8 57. f5 d4+ 58. cxd4 Bc4 59. g7 Kd8 60. Rh8 Ke7 61. e6 Rxg7 62. Rh6 Rg3+ 63. Kf4 Rg8 64. Ke5 Rg5 65. Rh7+ Ke8 66. Kd6 Rg8 67. f6 Bxe6 68. Kxe6 Rf8 69. Ra7 Rxf6+ 70. Kxf6 Kd8 71. Ke6 Kc8 72. Kd6 Kb8 73. Rh7 Kc8 74. Bd3 Kb8 75. Kxc6 a5 76. bxa5 Ka8 77. Kb6 Kb8 78. Rh8# 1-0

[Event "GER-ch U10 Girls"]
[Site "Willingen"]
[Date "2023.06.03"]
[Round "11"]
[White "Tischlinger, Lara"]
[Black "Lu, Sheng"]
[Result "1-0"]
[WhiteElo "1238"]
[BlackElo "1227"]
[PlyCount "129"]
[EventDate "2023.05.27"]
[EventType "swiss"]
[EventRounds "11"]
[EventCountry "GER"]
[SourceTitle "CBM 214 Extra"]
[Source "ChessBase"]
[SourceDate "2023.07.31"]
[SourceVersion "1"]
[SourceVersionDate "2023.07.31"]
[SourceQuality "1"]

1. e4 e5 2. Nf3 Nc6 3. d4 exd4 4. Nxd4 Bc5 5. Nxc6 Qf6 6. Qf3 Qxf3 7. gxf3 dxc6 8. Be3 Bd6 9. Bc4 f5 10. Ke2 Nf6 11. Bd3 g6 12. Bd4 fxe4 13. fxe4 Be7 14. Rg1 Rf8 15. Nd2 Nh5 16. Kd1 c5 17. Be3 b6 18. Bb5+ Kd8 19. Bc6 Rb8 20. Nf1 Bb7 21. Bxb7 Rxb7 22. Ng3 Nf6 23. f3 Kc8 24. Ke2 Rb8 25. h4 Rg8 26. Bg5 Kb7 27. h5 Rbd8 28. hxg6 hxg6 29. Rad1 Rxd1 30. Rxd1 Rg7 31. e5 Ne8 32. Bxe7 Rxe7 33. f4 g5 34. Kf3 Rf7 35. f5 Ng7 36. Kg4 Rf8 37. Kxg5 Kc6 38. e6 Ne8 39. Nh5 Kb7 40. Kg6 Kc8 41. f6 Nd6 42. Kg7 Re8 43. f7 Re7 44. Kg8 Rxe6 45. f8Q+ Re8 46. Qxe8+ Nxe8 47. Kf7 Nd6+ 48. Ke6 Kb7 49. Nf4 Kc6 50. Ng6 Kb7 51. Ne7 Kb8 52. Nf5 Nxf5 53. Kxf5 Kb7 54. Ke5 Kc6 55. a4 Kb7 56. Kd5 a5 57. Rd2 Kc8 58. Kc6 Kb8 59. Rd7 Ka7 60. Rxc7+ Ka6 61. Rb7 c4 62. Rxb6+ Ka7 63. Kc7 c3 64. bxc3 Ka8 65. Ra6# 1-0

[Event "GER-ch U10 Girls"]
[Site "Willingen"]
[Date "2023.06.02"]
[Round "10"]
[White "Bacakova, Klara"]
[Black "Tischlinger, Lara"]
[Result "0-1"]
[WhiteElo "1289"]
[BlackElo "1238"]
[PlyCount "151"]
[EventDate "2023.05.27"]
[EventType "swiss"]
[EventRounds "11"]
[EventCountry "GER"]
[SourceTitle "CBM 214 Extra"]
[Source "ChessBase"]
[SourceDate "2023.07.31"]
[SourceVersion "1"]
[SourceVersionDate "2023.07.31"]
[SourceQuality "1"]

1. e4 d5 2. exd5 Nf6 3. Nc3 Nxd5 4. Nxd5 Qxd5 5. d4 g6 6. Nf3 Bg7 7. Be2 0-0 8. 0-0 Nc6 9. c3 b6 10. Bf4 Qd7 11. Bb5 a6 12. Ba4 b5 13. Bc2 Bb7 14. Re1 Rfe8 15. Qd2 Nd8 16. Be4 Bxe4 17. Rxe4 Ne6 18. Bh6 Rad8 19. Bxg7 Kxg7 20. Rae1 c5 21. Rd1 Qd5 22. Rh4 Rh8 23. Qe3 Qxa2 24. Qe2 Qd5 25. Rd2 Qb3 26. Qe5+ f6 27. Qe3 Kf7 28. dxc5 Rxd2 29. Qxd2 Nxc5 30. Rb4 Qe6 31. Kf1 Nb7 32. Nd4 Qc8 33. Qe3 Qd7 34. Qe4 Rc8 35. Qh4 h5 36. Qe4 Nd6 37. Qd5+ Kg7 38. Ne6+ Kh6 39. Nf4 Qf5 40. Qd1 Rc4 41. Rxc4 Nxc4 42. Qc1 g5 43. Ne2 Qd3 44. Ke1 Qd6 45. g3 Ne5 46. Nd4 Nd3+ 47. Kf1 Nxc1 48. Nf5+ Kg6 49. Nxd6 exd6 50. Kg2 Kf5 51. Kf3 Nd3 52. b4 Ke5 53. Ke3 Nb2 54. Kd2 Ke4 55. Ke2 Nc4 56. f3+ Ke5 57. Kd3 a5 58. bxa5 Nxa5 59. Ke3 Nc4+ 60. Kd3 Kd5 61. Ke2 f5 62. h3 Ne5 63. Ke3 Kc4 64. f4 gxf4+ 65. gxf4 Kxc3 66. fxe5 dxe5 67. Ke2 Kc2 68. Ke3 b4 69. Ke2 b3 70. Ke3 b2 71. Ke2 b1Q 72. Ke3 h4 73. Kf3 Qf1+ 74. Ke3 Qxh3+ 75. Kf2 Kd2 76. Kg1 0-1

[Event "GER-ch U10 Girls"]
[Site "Willingen"]
[Date "2023.05.28"]
[Round "1"]
[White "Tischlinger, Lara"]
[Black "Greither, Flora"]
[Result "1-0"]
[WhiteElo "1238"]
[BlackElo "978"]
[PlyCount "75"]
[EventDate "2023.05.27"]
[EventType "swiss"]
[EventRounds "11"]
[EventCountry "GER"]
[SourceTitle "CBM 214 Extra"]
[Source "ChessBase"]
[SourceDate "2023.07.31"]
[SourceVersion "1"]
[SourceVersionDate "2023.07.31"]
[SourceQuality "1"]

1. e4 e5 2. Nf3 Nc6 3. d4 exd4 4. Nxd4 Bc5 5. Nb3 Bb6 6. Qe2 d6 7. Nc3 Nf6 8. Be3 Bg4 9. f3 Bxe3 10. Qxe3 Be6 11. Nd5 0-0 12. Nxf6+ Qxf6 13. 0-0-0 Nb4 14. Kb1 a5 15. a3 a4 16. Nd4 Ba2+ 17. Ka1 c5 18. axb4 cxd4 19. Qxd4 Qxd4 20. Rxd4 Rfc8 21. Kxa2 Rxc2 22. Rd3 Rac8 23. Rxd6 h6 24. Bb5 Ra8 25. Rhd1 Kh7 26. e5 a3 27. Bd3+ g6 28. Bxc2 h5 29. bxa3 b5 30. Rd7 Kg7 31. Bb3 Kh6 32. Rxf7 Rh8 33. Bc2 Rg8 34. Rdd7 Kg5 35. f4+ Kg4 36. Bd1+ Kh4 37. Rd3 g5 38. Rh3# 1-0